000 01481cam a2200421 a 4500
001 15762372
003 PILC
005 20150228090533.0
008 090603s2010 cau b 001 0 eng d
010 _a 2009929965
015 _aGBA9C3181
_2bnb
016 7 _a015443007
_2Uk
020 _a9781412922715
020 _a1412922712
020 _a9781412922722 (pbk.)
020 _a1412922720 (pbk.)
035 _a(OCoLC)ocn464584641
040 _aUKM
_cUKM
_dBTCTA
_dC#P
_dYDXCP
_dLML
_dDLC
042 _alccopycat
050 0 0 _aHQ 1061
_b.P415 2010
082 0 4 _a305.263
100 1 _aPhillips, Judith
_q(Judith E.)
245 1 0 _aKey concepts in social gerontology /
_cJudith Phillips, Kristine Ajrouch, and Sarah Hillcoat-Nallétamby.
246 1 8 _aSocial gerontology
260 _aLos Angeles :
_bSAGE,
_c2010.
300 _avii, 240 pages :
_c22 cm.
490 1 _aSAGE key concepts
504 _aIncludes bibliographical references (p. 221-231) and indexes.
650 0 _aSocial gerontology.
700 1 _aAjrouch, Kristine J.
700 1 _aHillcoat-Nallétamby, Sarah.
830 0 _aSAGE key concepts.
856 4 2 _3Publisher description
_uhttp://www.loc.gov/catdir/enhancements/fy1101/2009929965-d.html
856 4 1 _3Table of contents only
_uhttp://www.loc.gov/catdir/enhancements/fy1101/2009929965-t.html
906 _a7
_bcbc
_ccopycat
_d2
_encip
_f20
_gy-gencatlg
942 _2lcc
_cBK
999 _c283650
_d283650